Normal view
MARC view
Entry Topical Term
001 - CONTROL NUMBER
- control field: 19561
003 - CONTROL NUMBER IDENTIFIER
- control field: OSt
005 - DATE AND TIME OF LATEST TRANSACTION
- control field: 20201130152855.0
008 - FIXED-LENGTH DATA ELEMENTS
- fixed length control field: 201130|| aca||aabn | a|a d
040 ## - CATALOGING SOURCE
- Original cataloging agency: OSt
- Transcribing agency: OSt
150 ## - HEADING--TOPICAL TERM
- Topical term or geographic name entry element: Arthaśāstra, Trade, Luxury goods, Horses, Elephants
670 ## - SOURCE DATA FOUND
- Source citation: Work cat.: (OSt): Olivelle, Patrick. 19560, Long-distance trade in ancient India: Evidence from kautilya's arthasstra
